000
00310nam a22001217a 4500
999
_c
9199
_d
9199
003
OSt
005
20210114151221.0
008
210109b ||||| |||| 00| 0 eng d
040
_c
DDC
100
_a
Barnes, Albert
245
_a
Notes on the Old Testament : Explanatory and Practical
_b
JOB / VOL 1
942
_2
ddc
_c
BK